000 01278nkm a2200289 i 4500
001 3738
003 ES-MaACL
005 20250815111159.0
007 khrbo
008 070607s1986 sp --- g |001||spa d
100 0 _aAlfonso,
_d1902-1990
_919858
245 1 0 _aGeorrecursos [
_hFotografía]
_b: problemas actuales y perspectivas /
_cAlfonso (sello).
260 _a[S.l. :
_bs.n.],
_c1986.
300 _a6 fot. :
_bb. y n. ;
_c12 x 18 cm.
490 1 _aGeología : de la historia natural a la geoplanetología
500 _aDatos basados en invitación.
511 0 _aInterviene: Salvador Ordóñez.
518 _aActo organizado por el Ateneo de Madrid a propuesta de la Sección de Ciencias, celebrado en la sala de conferencias el viernes, 7 de marzo de 1986, a las 20:00 h.
600 1 4 _aOrdóñez Delgado, Salvador.
_987200
610 2 4 _aAteneo de Madrid-
_xActos culturales-
_y1986-
_vFotografías.
_91901
650 1 7 _aGeología
_2embne
_913086
710 2 _aAteneo de Madrid.
_bSección de Ciencias.
_91972
830 0 0 _aGeología: de la historia natural a la geoplanetología
_9176930
852 _aES-MaACL
_jFOT 60/1986
856 4 _uhttp://www.ateneodemadrid.net/biblioteca_digital/imagenes/1986/0060-1986.jpg
_zVer imagen
999 _c3738
_d3738